Clic Ils ou elles sont né(e)s sur une île, laquelle ? (2) - Statistiques

Statistiques générales
  • Ce quiz a été pris 10 fois
  • Le résultat moyen est 5 sur 35
Statistiques - réponses
Hint Explanation Réponse % Correct
Marie-José Nat Actrice Corse
50%
Marius Trésor Footballeur Guadeloupe
50%
Joseph Pasteur Journaliste Corse
25%
Fred Testot Acteur Corse
25%
Michel Zévaco Ecrivain Corse
25%
Corinne Coman Miss France Guadeloupe
25%
Jacques-François Dugommier Général Guadeloupe
25%
Laura Flessel Escrimeuse - Femme politique Guadeloupe
25%
Michel Houellebecq Ecrivain La Réunion
25%
Audrey Pulvar Journaliste Martinique
25%
Sonia Lagarde Speakrine Nouvelle-Calédonie
25%
Sipili Falatea Rugbyman Futuna
13%
Teddy Riner Judoka Guadeloupe
13%
Raymond Barre Homme politique La Réunion
13%
Roland Garros Aviateur La Réunion
13%
Dimitri Payet Footbaleur La Réunion
13%
Alicia Aylies Miss France Martinique
13%
Anne Segalen Parolière Mayotte
13%
Nicolas Goyard Véliplanchiste Nouvelle-Calédonie
13%
Jean-Marie Tjibaou Homme politique Nouvelle-Calédonie
13%
Maeva Galanter Miss France Tahiti
13%
Marama Vahirua Footballeur Tahiti
13%
Vaimalama Chaves Miss France Tahiti
13%
Georges-René Pléville Le Pelley Corsaire Chausey
0%
Christine Arron Athlète Guadeloupe
0%
Gérald de Palmas Chanteur La Réunion
0%
Jackson Richardson Handballeur La Réunion
0%
Davina Michel Boxeuse Martinique
0%
Kali Chanteur Martinique
0%
Kim Lefèvre Comédienne Mayotte
0%
Marie-France Cubadda Journaliste Nouvelle-Calédonie
0%
Vahine Fierro Surfeuse Raiatea
0%
Fabrice Santoro Tennisman Tahiti
0%
Kauli Vaast Surfeur Tahiti
0%
Samuele Tuia Volleyeur Wallis
0%
Aucun quiz correspondant
Distribution des résultats
% des personnes avec chaque résultat
Percentile par nombre de réponses
Votre historique - résultats
Vous n’avez pas pris ce quiz